• 首页
  • 本馆介绍
  • 公告通知
  • 最新文献
  • 馆藏检索
  • 电子资源
  • 读者导购
  • 参考咨询
  • 我的图书馆
  • 登录
  • 详细信息显示
  • 放入我的书架
  • 预约/预借图书
  • 作者相关作品
  • 分类相关作品
  • 丛书相关作品
  • 出版社相关作品

书目信息

  • 表格格式
  • 工作单格式
  • 卡片格式
题名:
城市游击
    
 
作者: 宁凌 , 张怀璧 , 赵宗谦 编著
分册:  
出版信息: 北京   军事谊文出版社  2006
页数: 262
开本: 20cm
丛书名: 新理念战争丛书
单 册:
中图分类: E836.7
科图分类:
主题词: 城市作战--游击战--研究--Cheng Shi Zuo Zhan
电子资源:
ISBN: 7-80150-521-2
000 01413nam0 2200349 450
000 01376nam0 2200337 450
000 01375nam0 2200349 450
000 01321nam0 2200325 450
000 01339nam0 2200313 450
000 01302nam0 2200301 45
001 0195145362
005 20061210144854.20
010    @a7-80150-521-2@dCNY18.00
100    @a20060829d ekmy0chiy0110 ea
101 0  @achi
102    @aCN@b110000
105    @aa z 000yy
200 1  @a城市游击@Acheng shi you ji@f宁凌,张怀璧,赵宗谦编著@FNing Ling, Zhang Huai Bi, Zhao Zong Qian Bian Zhu
210    @a北京@c军事谊文出版社@d2006
215    @a262@c图@d20cm
225 2  @a新理念战争丛书@AXin Li Nian Zhan Zheng Cong Shu
330    @a本书详细介绍了城市游击的概念和意义,并举实例进行了介绍:惨绝人寰的柏林巷战,索马里抗击美军,第二次车臣战争中的游击战,伊拉克战争中的游击战,并对城市游击进行了理论的介绍:寻根问源—城市游击之来龙去脉,消耗敌人—城市游击之终极任务,困兽犹斗—城市游击之绝地反击等。
410  0 @12001 @a新理念战争丛书
606 0  @a城市作战@x游击战@x研究@ACheng Shi Zuo Zhan
690    @aE836.7@v4
701  0 @a宁凌@Aning ling@4编著
701  0 @a张怀璧@Azhang huai bi@4编著
701  0 @a赵宗谦@Azhao zong qian@4编著
801  2 @aCN@b中图数据@c20061210
905    @a10447@dE836.7@e29
    
    城市游击/宁凌,张怀璧,赵宗谦编著.-北京:军事谊文出版社,2006
    262:图;20cm.-(新理念战争丛书)
    
    
    ISBN 7-80150-521-2:CNY18.00
    本书详细介绍了城市游击的概念和意义,并举实例进行了介绍:惨绝人寰的柏林巷战,索马里抗击美军,第二次车臣战争中的游击战,伊拉克战争中的游击战,并对城市游击进行了理论的介绍:寻根问源—城市游击之来龙去脉,消耗敌人—城市游击之终极任务,困兽犹斗—城市游击之绝地反击等。
●
相关链接 在E读中查询图书 在五车中查询图书 在当当中查询图书 在豆瓣中查询图书


正题名:城市游击     索取号:E836.7/29         预约/预借

序号 登录号 条形码 馆藏地/架位号 状态 备注
1 0607262   206072621   第一样本阅览室/ [索取号:E836.7/29] 在馆    
2 0607263   206072630   第一借阅区/ [索取号:E836.7/29] 在馆    
3 0607264   206072649   第一借阅区/ [索取号:E836.7/29] 在馆    
4 0607265   206072658   第一借阅区/ [索取号:E836.7/29] 在馆    
5 0607266   206072667   第一借阅区/ [索取号:E836.7/29] 在馆    
唐山师范学院图书馆 欢迎您!
大连网信软件有限公司© 版权所有